000 00752nam a2200217 i 4500
001 90150
003 ES-MaACL
005 20250928131015.0
007 t|
008 050118s1964 sp ||||1| spa d
100 1 _aLefranc, Georges.
_971253
245 1 0 _aHistoria de las doctrinas sociales en la Europa contemporánea /
_cGeorges Lefranc ; prólogo por Manuel Alonso García ; [versión de María Antonia Pelauzy].
260 _aBarcelona :
_bAriel,
_c[1964]
300 _a456 p. ;
_c20 cm.
650 0 4 _aEconomía-
_yS.XIX.
_912014
650 0 4 _aEconomía-
_yS.XX.
_912017
700 1 _aAlonso García, Manuel,
_d1926-1988
_920324
700 1 _aPelauzy, María Antonia.
_990020
852 _aES-MaACL
_jE-5678
_bR.90221
999 _c90150
_d90150